Social Media Marketing: A Strategic Approach (Record no. 13226)

MARC details
000 -LEADER
fixed length control field 00517nam a22001937a 4500
003 - CONTROL NUMBER IDENTIFIER
control field OSt
008 - FIXED-LENGTH DATA ELEMENTS--GENERAL INFORMATION
fixed length control field 250403b |||||||| |||| 00| 0 eng d
020 ## - INTERNATIONAL STANDARD BOOK NUMBER
International Standard Book Number 9789360538736
082 ## - DEWEY DECIMAL CLASSIFICATION NUMBER
Classification number 658.8 ZAS
100 ## - MAIN ENTRY--PERSONAL NAME
Personal name ZAHAY, Debra and ROBERTS, Mary Lou
245 ## - TITLE STATEMENT
Title Social Media Marketing: A Strategic Approach
250 ## - EDITION STATEMENT
Edition statement 3rd ed.,
260 ## - PUBLICATION, DISTRIBUTION, ETC. (IMPRINT)
Place of publication, distribution, etc India,
Name of publisher, distributor, etc Cengage,
Date of publication, distribution, etc 2023,
300 ## - PHYSICAL DESCRIPTION
Extent 328 p.
650 ## - SUBJECT ADDED ENTRY--TOPICAL TERM
Topical term or geographic name as entry element English,
700 ## - ADDED ENTRY--PERSONAL NAME
Personal name PARKER, Janna and BARKER, Donald I.
700 ## - ADDED ENTRY--PERSONAL NAME
Personal name BARKER, Melissa S.
942 ## - ADDED ENTRY ELEMENTS (KOHA)
Source of classification or shelving scheme Dewey Decimal Classification
Koha item type Text Books
Holdings
Withdrawn status Lost status Source of classification or shelving scheme Damaged status Not for loan Collection code Home library Current library Date acquired Source of acquisition Currency Cost, normal purchase price Bill Number Total Checkouts Full call number Acc. no. / Barcode Date last seen Actual Cost, discounted price Bill Date Koha item type Date last borrowed
    Dewey Decimal Classification     B.A Hons. English PIET NCR College Library PIET NCR College Library 28/03/2025 Zafaa Books & Distributers In Rupees 595.00 ZBD0583   658.8 ZAS N3817 03/04/2025 428.40 28/03/2025 Reference Books  
    Dewey Decimal Classification     B.A Hons. English PIET NCR College Library PIET NCR College Library 28/03/2025 Zafaa Books & Distributers In Rupees 595.00 ZBD0583 1 658.8 ZAS N3818 03/10/2025 428.40 28/03/2025 Text Books 15/09/2025

Design & Developed by: PIET Central Library
R70 Miles Stone Pattikalyana Samalkha Panipat 132102
mail ID :- [email protected], Phone No:- 0180-2569700 Ex.216